Online
Catalog

Lengua, literatura y comunicación : (Record no. 21231)

MARC details
000 -CABECERA
campo de control de longitud fija 00721nam a2200205 a 4500
001 - NÚMERO DE CONTROL
campo de control 000021732
005 - FECHA Y HORA DE LA ÚLTIMA TRANSACCIÓN
campo de control 20200930011428.0
008 - DATOS DE LONGITUD FIJA--INFORMACIÓN GENERAL
campo de control de longitud fija 100910s2002 pr ac r 000 0 spa d
020 ## - NÚMERO INTERNACIONAL ESTÁNDAR DEL LIBRO
Número Internacional Estándar del Libro 1563280086
040 ## - FUENTE DE LA CATALOGACIÓN
Centro catalogador/agencia de origen DO-SdBNP
Lengua de catalogación spa
Centro/agencia transcriptor BNPHU
082 ## - NÚMERO DE LA CLASIFICACIÓN DECIMAL DEWEY
Número de clasificación xxxxx
Número de documento/Ítem C221l
049 ## - FONDOS LOCALES (OCLC)
Fondos de biblioteca BNGR
100 1# - ENTRADA PRINCIPAL--NOMBRE DE PERSONA
Nombre de persona Canetti-Mirabal, Ileana
9 (RLIN) 45176
245 10 - MENCIÓN DE TÍTULO
Título Lengua, literatura y comunicación :
Resto del título antología de lecturas, ejercicios gramaticales y destrezas lingüísticas /
Mención de responsabilidad, etc. Ileana canetti-Mirabal.
250 ## - MENCIÓN DE EDICIÓN
Mención de edición 13a ed.
260 ## - PUBLICACIÓN, DISTRIBUCIÓN, ETC.
Lugar de publicación, distribución, etc. San Juan, Puerto Rico :
Nombre del editor, distribuidor, etc. Editorial Plaza Mayor,
Fecha de publicación, distribución, etc. 2002.
300 ## - DESCRIPCIÓN FÍSICA
Extensión xvii, 265 p. :
Otras características físicas il., retrs. ;
Dimensiones 27 cm.
500 ## - NOTA GENERAL
Nota general Incluye índice alfabético.
500 ## - NOTA GENERAL
Nota general Incluye bibliografía p. [259-261]
Holdings
Estado de retiro Estado de pérdida Restricciones de uso No para préstamo Código de colección Localización permanente Ubicación/localización actual Ubicación en estantería Fecha de adquisición Número de inventario Total de préstamos Signatura topográfica completa Código de barras Fecha visto por última vez Precio válido a partir de Tipo de ítem Koha
        Monografías: Libros y Folletos General General En catalogación 10.09.2010 LF1   xxxxx C221l 21732-10 25.06.2020 25.06.2020 Préstamo en sala

Powered by Koha